Товароведение упаковочных материалов и тары для потребительских товаров: учебное пособие для вузов

Bibliografske podrobnosti
Glavni avtor: Чалых Т. И. Татьяна Ивановна
Drugi avtorji: Коснырева Л. М. Людмила Михайловна, Пашкевич Л. А. Людмила Аркадьевна
Izvleček:Учебное пособие посвящено вопросам товароведения упаковки. Тара и упаковочные материалы рассмотрены как однородная группа товаров, объединенная своим назначением. Кратко даны история упаковки и обзор рынка упаковки. Приведены все типы потребительской и транспортной тары, транспортный пакет, вопросы стандартизации, унификации и сертификации тары, включая требования к таре и методы испытания упаковки. Подробно изложены правила упаковывания основных групп продовольственных и непродовольственных товаров. Для студентов высших учебных заведений, обучающихся по специальности 351100 «Товароведение и экспертиза товаров» и может быть полезно студентам других специальностей.
Jezik:ruščina
Izdano: Москва, Академия, 2004
Serija:Высшее профессиональное образование. Товароведение
Teme:
Format: Knjiga
KOHA link:https://koha.lib.tpu.ru/cgi-bin/koha/opac-detail.pl?biblionumber=96672

MARC

LEADER 00000nam0a2200000 4500
001 96672
005 20231031110633.0
010 |a 5769513683 
035 |a (RuTPU)RU\TPU\book\103514 
090 |a 96672 
100 |a 20060517d2004 m y0rusy50 ca 
101 0 |a rus 
102 |a RU 
105 |a a j 001zy 
200 1 |a Товароведение упаковочных материалов и тары для потребительских товаров  |e учебное пособие для вузов  |f Т. И. Чалых, Л. М. Коснырева, Л. А. Пашкевич 
210 |a Москва  |c Академия  |d 2004 
215 |a 368 с.  |c ил. 
225 1 |a Высшее профессиональное образование. Товароведение 
320 |a Библиогр.: с. 356-359. 
330 |a Учебное пособие посвящено вопросам товароведения упаковки. Тара и упаковочные материалы рассмотрены как однородная группа товаров, объединенная своим назначением. Кратко даны история упаковки и обзор рынка упаковки. Приведены все типы потребительской и транспортной тары, транспортный пакет, вопросы стандартизации, унификации и сертификации тары, включая требования к таре и методы испытания упаковки. Подробно изложены правила упаковывания основных групп продовольственных и непродовольственных товаров. Для студентов высших учебных заведений, обучающихся по специальности 351100 «Товароведение и экспертиза товаров» и может быть полезно студентам других специальностей. 
610 1 |a товароведение 
610 1 |a упаковочная отрасль 
610 1 |a современное состояние 
610 1 |a проблемы 
610 1 |a Россия 
610 1 |a зарубежные страны 
610 1 |a тара 
610 1 |a стандартизация 
610 1 |a унификация 
610 1 |a стеклянная тара 
610 1 |a металлическая тара 
610 1 |a полимерные упаковочные материалы 
610 1 |a этикетирование 
610 1 |a мягкая транспортная тара 
610 1 |a деревянная тара 
610 1 |a групповая упаковка 
610 1 |a испытание 
610 1 |a пакетирование 
610 1 |a непродовольственные товары 
610 1 |a пищевые продукты 
610 1 |a упаковка 
610 1 |a окружающая среда 
610 1 |a экология 
610 1 |a учебные пособия 
675 |a 620.2(075.8)  |v 3 
700 1 |a Чалых  |b Т. И.  |g Татьяна Ивановна 
701 1 |a Коснырева  |b Л. М.  |g Людмила Михайловна 
701 1 |a Пашкевич  |b Л. А.  |g Людмила Аркадьевна 
801 1 |a RU  |b 63413507  |c 20060517  |g PSBO 
801 2 |a RU  |b 63413507  |c 20150603  |g PSBO 
900 |a Товароведение 
900 |a Товароведение и экспертиза 
900 |a Сертификация 
942 |c BK 
951 |b 080401 
959 |a 34/20060516  |d 2  |e 192,50  |f НФ:2